000 00311nam a2200097Ia 4500
005 20250424112907.0
008 250424s9999 xx 000 0 und d
300 _av. ; 29 cm.
650 _aTeaching--Nigeria--Periodicals. Teachers--Training of--Nigeria--Periodicals. Education--Nigeria--Periodicals.
942 _cSR
999 _c37741
_d37741